000 00788nam a2200253Ia 4500
003 OSt
005 20221005091708.0
006 a|||||r|||| 00| 0
007 ta
008 221004b |||||||| |||| 00| 0 eng d
020 _a9781137325143 (hbk)
_c3065.40
024 _a10555
037 _b40612, 19/03/2014, Segment Book Distributors
_cTextual
040 _aCRL
_cCRL
_beng
041 _2eng
_aeng
082 _aV2y7M69, Q3
100 _aRamakrishnan Niranjan
_9616508
245 0 _aReading gandhi in the twenty - first century
260 _aNew York
_bPalgrave USA
_c2013
300 _aix, 138p.
_ccm.
650 _aHISTORY
942 _hV2y7M69, Q3
_cTEXL
_2cc
999 _c997651
_d997651